| 000 | 00637nam a2200241Ia 4500 | ||
|---|---|---|---|
| 003 | OSt | ||
| 005 | 20221007064953.0 | ||
| 006 | a|||||r|||| 00| 0 | ||
| 007 | ta | ||
| 008 | 221006b |||||||| |||| 00| 0 eng d | ||
| 024 | _a24,212 | ||
| 037 | _cTextual | ||
| 040 |
_aFLL _cFLL _beng |
||
| 041 |
_2eng _aeng |
||
| 082 | _aZ2:33, H9 | ||
| 100 | _aAggarawala Om Prakash | ||
| 245 | 0 | _aIndian partnership act, 1932 | |
| 250 | _a1st | ||
| 260 |
_aDelhi _bRajkamal Publications Ltd. India _c1949 |
||
| 300 |
_alxxx,1-630p _ccm. |
||
| 942 |
_hZ2:33, H9 _cTEXL _2CC |
||
| 999 |
_c1135912 _d1135912 |
||